1614 1233 1873 1320 1832 1848 1732 1872 1557 1387 1593 1763 1311 1593 1952 1180 1482 1046 1154 1378 1423 1766 1933 1377 1471 1365 1522 1383 1553 1080 1330 1070 1675 1166 1483 1816 1771 1062 1219 1193 1204 1755 1686 1560 1113 1742 1903 1256 1929 1406 1968 1319 1804 1440 1821 1713 1190 1751 1605 1114 1953 1162 1669 1431 1841 1009 1059 1545 1709 1886 1619 1554 1066 1686 1616 1390 1656 1422 1971 1922 1691 1620 1260 1614 1150 1499 1098 1579 1357 1837 1064 1541 1780 1044 1818 1563 1898 1259 1347 BCNSPRNW ULIB Ver.6.0+V

เปลี่ยนเป็นภาษาไทย

Change to English
 แสดงรายละเอียดบรรณานุกรม
  กลับหน้าหลัก

Brief Record : Get Marc (ISO 2709) : E-mail record : QR code < ปิดหน้าต่าง
LEADER : 00000nas 2200000uu 4500
001    13399126837
003     ULIB
008    190528s2018||||th 000 0 tha d
022 0  ^a26729148
245 00 ^aวารสารสาธารณสุขและวิทยาศาสตร์สุขภาพ^bวิทยาลัยการสาธารณสุขสิรินธร จังหวัดตรัง
310    ^aรายสี่เดือน
850 ^a ULIB^bฉบับที่ 3 ปีที่ 1 ฉ.1
945    ^p0^l0^i905236
999    ^aประนอม เกษจรัล
รายการนี้ยังไม่มีแท็ก
คุณยังไม่ได้ล็อกอิน คุณสามารถมีกิจกรรมร่วมกับเว็บไซต์ได้ แต่ต้องล็อกอินก่อน ::
  ล็อกอิน

รายการสื่อสารสนเทศ (วารสาร)

ดูแบบ: กล่อง รายการ
ARRIVED
ฉบับที่ 3 ปีที่ 1 ฉ.1
สถานที่: ห้องสมุดวิทยาเขตสวรรค์ประชารักษ์ >วารสาร

BibComment


ยังไม่เคยถูกคอมเมนท์

คอมเมนท์ทรัพยากรรายการนี้
  คอมเมนท์: วารสารสาธารณสุขแ..


 Copyright 2026. Bcnsprnw @Library